| 000 | 00618 a2200181 4500 | ||
|---|---|---|---|
| 020 | _a0486442233 | ||
| 040 |
_aDLC _bDLC |
||
| 082 | 0 | 0 | _a530.12 |
| 100 | 1 | _aLawden, Derek F. | |
| 245 | 1 | 4 |
_aThe mathematical principles of quantum mechanics _cD.F. Lawden |
| 250 | _aDover ed. | ||
| 260 |
_aMineola, N.Y. : _bDover Publications, _c2005. |
||
| 300 |
_axiv, 280 p. : _bill. ; _c22 cm. |
||
| 500 | _aOriginally published: London : Methuen, 1967. | ||
| 650 | 0 |
_aQuantum theory _xMathematics. |
|
| 856 | 4 | 2 |
_3Publisher description _uhttp://www.loc.gov/catdir/enhancements/fy0618/2004059119-d.html |
| 942 |
_cBK _k530.12 LAW _2ddc |
||
| 999 |
_c7978 _d7978 |
||